000 00761nam a22001817a 4500
003 DO-SdBNP
005 20210715103521.0
008 210715b 2008 dr 00| 0 eng d
040 _aDO-SdBNP
_bspa
_cBNPHU
100 1 _aPellerano Gómez, Juan Manuel
_d1927-2018
_979235
245 1 0 _aConstitución, interpretación e inconstitucionalidad /
_cJuan Manuel Pellerano Gómez ; prólogo: Eduardo Jorge Prats.
260 _aSanto Domingo :
_bFundación Institucionalidad y Juticia (FINJUS) ; Asociación Hipólito Herrera Billini,
_c2008.
300 _a192 p. :
_bil. ;
_c23 cm.
500 _aIncluye datos biográficos del autor en la solapa de la cubierta
590 _aInventariado, 2021 /LP
700 1 _aJorge Prats, Eduardo,
_eprólogo
_917747
942 _2ddc
_cLBS1
999 _c50110
_d50110